1005 1265 1486 1774 1636 1682 1715 1224 1091 1211 1008 1344 1528 1832 1620 1071 1360 1867 1002 1241 1581 1186 1217 1571 1264 1721 1983 1545 1861 1240 1219 1106 1648 1426 1614 1287 1590 1490 1886 1114 1843 1421 1902 1336 1342 1242 1889 1142 1321 1186 1235 1129 1949 1632 1680 1984 1582 1348 1371 1244 1261 1275 1836 1686 1985 1092 1347 1044 1841 1129 1422 1043 1518 1486 1076 1602 1217 1487 1293 1209 1045 1498 1523 1687 1219 1885 1929 1645 1320 1335 1862 1734 1813 1132 1394 1384 1644 1832 1424 BCNSPRNW ULIB Ver.6.0+V

เปลี่ยนเป็นภาษาไทย

Change to English
 แสดงรายละเอียดบรรณานุกรม
  กลับหน้าหลัก

Brief Record : Get Marc (ISO 2709) : E-mail record : QR code < ปิดหน้าต่าง
LEADER : 00000nam 2200000uu 4500
001    13399113425
003     ULIB
008    110627s2553||||th 000 0 tha d
020    9786167083070
090    นว.^bส988ส 2553
100 0  โสภี พรรณราย
245 00 สาปคฤหาสน์/^cโสภี พรรณราย
250    พิมพ์ครั้งที่ 1
260    กรุงเทพฯ :^bบิวตี้ บุ๊ค,^c2553
300    294 หน้า
710 1  บิวตี้บุ๊ค
945    ^p220^l0^i028018
995    ทศพร
999 ^a ใช้งานได้ทุกระบบ
รายการนี้ยังไม่มีแท็ก
คุณยังไม่ได้ล็อกอิน คุณสามารถมีกิจกรรมร่วมกับเว็บไซต์ได้ แต่ต้องล็อกอินก่อน ::
  ล็อกอิน

รายการสื่อสารสนเทศ

ลำดับที่ ประเภท เลขเรียก/บาร์โค้ด สถานที่ สถานะ
1. นวนิยาย
นวนิยาย
นว. ส988ส 2553 ฉ.1 
  Barcode: 028018
ห้องสมุดวิทยาเขตสวรรค์ประชารักษ์
►นวนิยาย
ถูกยืม กำหนดส่งวันที่ 15 ธันวาคม 2559
  จอง

รายการใกล้เคียง
    ผู้แต่ง [โสภี พรรณราย]

BibComment


ยังไม่เคยถูกคอมเมนท์

คอมเมนท์ทรัพยากรรายการนี้
  คอมเมนท์: สาปคฤหาสน์ โสภี พ..


 Copyright 2026. Bcnsprnw @Library